[Event "Presov op"]
[Site "Presov"]
[Date "1999.??.??"]
[Round "2"]
[White "Kutsyk, Ivan"]
[Black "Garancovsky, Pavol"]
[Result "0-1"]
[WhiteElo "2275"]
[BlackElo "2050"]
[PlyCount "50"]
[EventDate "1999.08.??"]
[EventType "swiss"]
[EventRounds "9"]
[EventCountry "SVK"]
[SourceTitle "EXT 2000"]
[Source "ChessBase"]
[SourceDate "1999.11.16"]
[SourceVersion "1"]
[SourceVersionDate "1999.11.16"]
[SourceQuality "1"]

1. d4 e6 2. c4 d5 3. Nf3 Nf6 4. g3 c5 5. Bg2 Nc6 6. 0-0 dxc4 7. Qa4 Nd5 8. dxc5 Bxc5 9. Qxc4 Qe7 10. Rd1 0-0 11. e4 Nb6 12. Qe2 e5 13. h3 Be6 14. Nc3 Bc4 15. Qe1 Nb4 16. Rd2 Nd3 17. Qd1 Rfd8 18. Qc2 Nb4 19. Qd1 Bxf2+ 20. Kxf2 Qc5+ 21. Ke1 Nd3+ 22. Rxd3 Rxd3 23. Qc2 Rxf3 24. Bxf3 Qg1+ 25. Kd2 Rd8+ 0-1

[Event "UKR ol"]
[Site "Alushta"]
[Date "1999.??.??"]
[Round "?"]
[White "Kutsyk, Ivan"]
[Black "Savon, Vladimir A"]
[Result "0-1"]
[WhiteElo "2275"]
[BlackElo "2427"]
[PlyCount "39"]
[EventDate "1999.05.12"]
[EventType "team-tourn"]
[EventRounds "11"]
[EventCountry "UKR"]
[SourceTitle "EXT 2001"]
[Source "ChessBase"]
[SourceDate "2000.11.22"]
[SourceVersion "1"]
[SourceVersionDate "2000.11.22"]
[SourceQuality "1"]

1. d4 Nf6 2. c4 d6 3. Nc3 e5 4. Nf3 e4 5. Ng5 Qe7 6. Qc2 Bf5 7. g4 Bg6 8. Bg2 Nc6 9. d5 Ne5 10. Ngxe4 Nxe4 11. Bxe4 Nxg4 12. Qa4+ Kd8 13. Qc2 Qh4 14. e3 Be7 15. Qe2 Nxf2 16. Qxf2 Bxe4 17. Nxe4 Qxe4 18. 0-0 Bf6 19. Qf4 Re8 20. Bd2 0-1

[Event "UKR ol"]
[Site "Alushta"]
[Date "1999.??.??"]
[Round "?"]
[White "Rogovski, Vladimir"]
[Black "Kutsyk, Ivan"]
[Result "1-0"]
[WhiteElo "2455"]
[BlackElo "2275"]
[PlyCount "107"]
[EventDate "1999.05.12"]
[EventType "team-tourn"]
[EventRounds "11"]
[EventCountry "UKR"]
[SourceTitle "EXT 2001"]
[Source "ChessBase"]
[SourceDate "2000.11.22"]
[SourceVersion "1"]
[SourceVersionDate "2000.11.22"]
[SourceQuality "1"]

1. e4 e6 2. Qe2 c5 3. g3 Nc6 4. Nf3 g6 5. Bg2 Bg7 6. c3 Nge7 7. d3 d6 8. Nbd2 0-0 9. 0-0 b5 10. e5 dxe5 11. Ne4 c4 12. dxc4 bxc4 13. Rd1 Qa5 14. Qxc4 Ba6 15. Qc5 Qa4 16. b3 Qxe4 17. Nd4 Qxg2+ 18. Kxg2 exd4 19. Bg5 Bb7 20. Kf1 Nd5 21. cxd4 Rfc8 22. Qb5 Rab8 23. Rac1 Ndb4 24. Kg1 Ba6 25. Qa4 Bb5 26. Qa3 Be2 27. Bf4 Ra8 28. Rd2 Bf3 29. Rc3 Bd5 30. Qc1 Ne7 31. Kf1 Bb7 32. Bd6 Rxc3 33. Qxc3 Ned5 34. Qb2 Rc8 35. Qa3 Ba6+ 36. Kg2 Bf8 37. Bxf8 Kxf8 38. Qa5 Rc1 39. g4 Kg7 40. h4 Bf1+ 41. Kh2 Nd3 42. Qa3 Re1 43. Rc2 Be2 44. Rc8 Bxg4 45. Qf8+ Kf6 46. Qd8+ Kg7 47. Qh8+ Kh6 48. Rg8 Bf5 49. f4 Re2+ 50. Kg3 Rg2+ 51. Kxg2 N5xf4+ 52. Kh2 Nh5 53. Ra8 Nhf4 54. Rxa7 1-0

[Event "UKR-chT"]
[Site "Alushta"]
[Date "1998.??.??"]
[Round "?"]
[White "Kutsyk, Ivan"]
[Black "Pavlov, Maxim"]
[Result "1/2-1/2"]
[WhiteElo "2285"]
[BlackElo "2290"]
[PlyCount "49"]
[EventDate "1998.??.??"]
[EventType "team-tourn"]
[EventRounds "10"]
[EventCountry "UKR"]
[SourceTitle "EXT 2000"]
[Source "ChessBase"]
[SourceDate "1999.11.16"]
[SourceVersion "1"]
[SourceVersionDate "1999.11.16"]
[SourceQuality "1"]

1. d4 d5 2. Nf3 Nf6 3. c4 c6 4. Nc3 e6 5. g3 dxc4 6. Bg2 b5 7. 0-0 Nbd7 8. Bg5 Be7 9. e4 h6 10. Bxf6 Nxf6 11. Ne5 Bb7 12. d5 exd5 13. exd5 Nxd5 14. Nxc6 Bxc6 15. Nxd5 Bxd5 16. Qxd5 Qxd5 17. Bxd5 0-0-0 18. Bc6 a6 19. a4 b4 20. Rac1 Rd4 21. Bf3 Kb8 22. Rb1 Rhd8 23. Rfd1 Rxd1+ 24. Rxd1 Rxd1+ 25. Bxd1 1/2-1/2

[Event "UKR-chT"]
[Site "Alushta"]
[Date "1998.??.??"]
[Round "?"]
[White "Kutsyk, Ivan"]
[Black "Solodovnichenko, Yuri"]
[Result "1-0"]
[WhiteElo "2285"]
[BlackElo "2385"]
[PlyCount "77"]
[EventDate "1998.??.??"]
[EventType "team-tourn"]
[EventRounds "10"]
[EventCountry "UKR"]
[SourceTitle "EXT 2000"]
[Source "ChessBase"]
[SourceDate "1999.11.16"]
[SourceVersion "1"]
[SourceVersionDate "1999.11.16"]
[SourceQuality "1"]

1. d4 Nf6 2. c4 e6 3. g3 d5 4. Bg2 dxc4 5. Nf3 a6 6. 0-0 b5 7. Ne5 Nd5 8. Nc3 c6 9. a4 Bb7 10. e4 Nxc3 11. bxc3 Nd7 12. f4 Be7 13. Rb1 Nxe5 14. fxe5 0-0 15. Qg4 Kh8 16. Be3 Qa5 17. Rf3 c5 18. Rbf1 Qxc3 19. Kh1 cxd4 20. Rxf7 Rxf7 21. Rxf7 Bf8 22. Qf4 Kg8 23. Bg1 Bc6 24. Bh3 Qb4 25. Bxe6 Kh8 26. Rc7 Be8 27. Bxd4 Bg6 28. Bd5 Re8 29. h4 Qb1+ 30. Kh2 bxa4 31. e6 Qc2+ 32. Kh3 Qd1 33. Qxf8+ Rxf8 34. Bxg7+ Kg8 35. e7+ Kxg7 36. e8Q+ Bf7 37. Qe5+ Kg8 38. Qg5+ Kh8 39. Qf6+ 1-0

[Event "UKR-chT"]
[Site "Alushta"]
[Date "1998.??.??"]
[Round "?"]
[White "Moiseenko, Alexander"]
[Black "Kutsyk, Ivan"]
[Result "1-0"]
[WhiteElo "2435"]
[BlackElo "2285"]
[PlyCount "107"]
[EventDate "1998.??.??"]
[EventType "team-tourn"]
[EventRounds "10"]
[EventCountry "UKR"]
[SourceTitle "EXT 2000"]
[Source "ChessBase"]
[SourceDate "1999.11.16"]
[SourceVersion "1"]
[SourceVersionDate "1999.11.16"]
[SourceQuality "1"]

1. d4 g6 2. e4 Bg7 3. c4 d6 4. Nc3 Nf6 5. f3 0-0 6. Be3 a6 7. Qd2 Nbd7 8. 0-0-0 c6 9. Bh6 e5 10. Nge2 b5 11. h4 Re8 12. Bxg7 Kxg7 13. h5 Nxh5 14. g4 Nhf6 15. Ng3 Ng8 16. g5 f6 17. Qh2 Nf8 18. c5 Qe7 19. gxf6+ Qxf6 20. dxe5 dxe5 21. Rd6 Re6 22. Rd2 Qe7 23. Qg1 Kh8 24. Nf5 gxf5 25. exf5 Rh6 26. Rg2 Qf7 27. Rxg8+ Qxg8 28. Qxg8+ Kxg8 29. Rxh6 Bxf5 30. Rxc6 Ne6 31. b4 Nd4 32. Rc7 a5 33. Nxb5 axb4 34. Nxd4 exd4 35. Bc4+ Kh8 36. c6 Ra3 37. Bb3 Ra5 38. Kd2 Rc5 39. Ba4 Ra5 40. Bb3 Rc5 41. Ba4 Ra5 42. Rf7 Be6 43. Re7 Rxa4 44. Rxe6 Rxa2+ 45. Kd3 Ra3+ 46. Kxd4 Rc3 47. Kd5 b3 48. Re7 b2 49. Rb7 Rc2 50. Kd6 h5 51. c7 Rd2+ 52. Ke6 Rc2 53. Kd7 Rd2+ 54. Kc8 1-0